<?xml version="1.0" encoding="UTF-8"?><?xml-stylesheet type="text/xsl" href="static/style.xsl"?><OAI-PMH xmlns="http://www.openarchives.org/OAI/2.0/" xmlns:xsi="http://www.w3.org/2001/XMLSchema-instance" xsi:schemaLocation="http://www.openarchives.org/OAI/2.0/ http://www.openarchives.org/OAI/2.0/OAI-PMH.xsd"><responseDate>2026-06-01T12:30:59Z</responseDate><request verb="GetRecord" identifier="oai:riuma.uma.es:10630/31589" metadataPrefix="marc">https://riuma.uma.es/rest/oai/request</request><GetRecord><record><header><identifier>oai:riuma.uma.es:10630/31589</identifier><datestamp>2026-02-03T12:55:10Z</datestamp><setSpec>com_10630_23</setSpec><setSpec>com_10630_3139</setSpec><setSpec>com_10630_10</setSpec><setSpec>col_10630_31577</setSpec></header><metadata><record xmlns="http://www.loc.gov/MARC21/slim" xmlns:dcterms="http://purl.org/dc/terms/" xmlns:doc="http://www.lyncode.com/xoai" xmlns:xsi="http://www.w3.org/2001/XMLSchema-instance" xsi:schemaLocation="http://www.loc.gov/MARC21/slim http://www.loc.gov/standards/marcxml/schema/MARC21slim.xsd">
   <leader>00925njm 22002777a 4500</leader>
   <datafield ind2=" " ind1=" " tag="042">
      <subfield code="a">dc</subfield>
   </datafield>
   <datafield ind2=" " ind1=" " tag="720">
      <subfield code="a">Viguera-Mínguez, Enrique</subfield>
      <subfield code="e">author</subfield>
   </datafield>
   <datafield ind2=" " ind1=" " tag="720">
      <subfield code="a">Grande-Pérez, Ana</subfield>
      <subfield code="e">author</subfield>
   </datafield>
   <datafield ind2=" " ind1=" " tag="260">
      <subfield code="c">2024</subfield>
   </datafield>
   <datafield ind2=" " ind1=" " tag="520">
      <subfield code="a">En una ciudad como Málaga apenas hay actividades relacionadas con&#xd;
la divulgación de la ciencia. Corría el año 2004, recién incorporados&#xd;
a la Universidad de Málaga tras largas estancias postdoctorales en&#xd;
París, Manchester o Nueva York, los profesores Enrique Viguera, Ana&#xd;
Grande y José Lozano iniciaban un proyecto que este año cumple 20&#xd;
ediciones. A lo largo de estas dos décadas hemos querido ser fieles a&#xd;
nuestros objetivos iniciales: facilitar a la sociedad el acceso a los avances científicos que se está desarrollando en los centros de investigación&#xd;
españoles, concienciar a la ciudadanía sobre la relevancia de la ciencia&#xd;
en la vida cotidiana e involucrar a la comunidad científica en la divulgación de conocimientos. En resumen, promover una cultura científica&#xd;
mediante la presentación de los últimos avances, de la mano de sus&#xd;
propios protagonistas.</subfield>
   </datafield>
   <datafield ind1="8" ind2=" " tag="024">
      <subfield code="a">https://hdl.handle.net/10630/31589</subfield>
   </datafield>
   <datafield tag="653" ind2=" " ind1=" ">
      <subfield code="a">Divulgación científica</subfield>
   </datafield>
   <datafield tag="653" ind2=" " ind1=" ">
      <subfield code="a">Ciencia - Aspectos sociales</subfield>
   </datafield>
   <datafield tag="653" ind2=" " ind1=" ">
      <subfield code="a">Animación socio-cultural</subfield>
   </datafield>
   <datafield ind2="0" ind1="0" tag="245">
      <subfield code="a">Encuentros con la Ciencia: 20 años contribuyendo a la formación científica de la sociedad malagueña.</subfield>
   </datafield>
</record>
</metadata></record></GetRecord></OAI-PMH>